Responses for Show #6782 - Tuesday, February 25, 2014

Arthur Chu game 6.

Contestants

[<< previous game]

Myfanwy Davies, a retired china shop manager and volunteer from Ottawa, Ontario, Canada

Padraic Connelly, an actor from Chicago, Illinois

Arthur Chu, a compliance analyst and voiceover artist from Broadview Heights, Ohio (whose 5-day cash winnings total $123,600)

[next game >>]

Jeopardy! Round responses

STARTS WITH A MUSICAL INSTRUMENT
WOLF POTPOURRI
U.N. COUNTRY ABBREVIATIONS
LADIES WHO LUNGE
OUT IN THE BACKYARD
HISTORIC CARS
(Jimmy: From the Petersen Automotive Museum--vehicles that have quite a story to tell.)
    $200 27
a drumstick

Arthur
    $200 28
Romulus & Remus

Arthur
    $200 4
Turkey

Arthur
    $200 30
(Myfanwy: Who is Picabo Street?)

Lindsey Vonn

Myfanwy
Triple Stumper
    $200 29
a picket fence

Myfanwy
    $200 15
Robert Kennedy

Myfanwy
    $400 23
harpoon

Arthur
    $400 25
a wolfhound

Padraic
    $400 8
Thailand

Arthur
    $400 26
the FIFA Women's World Cup

Triple Stumper
    $400 24
greenhouse

Arthur
    $400 16
Yalta

Arthur
    $600 19
hornswoggled

Arthur
    $600 21
Lon Chaney Jr.

Padraic
    $600 13
Tajikistan

Arthur
    $600 17
Misty May-Treanor & Kerri Walsh Jennings

Triple Stumper
    $600 20
a gazebo

Arthur
    $600 22
a Cadillac

Arthur
    $800 2
lutefisk

Arthur
    $800 11
Peter and the Wolf

Arthur
    $800 3
(Padraic: What is Tonga?)

Togo

PadraicMyfanwy
    $800 14
Flo Jo (Florence Joyner)

Myfanwy
    $800 1
a swing

Arthur
    $6,000 18
Yuri Gagarin

Arthur
    $1000 10
an organ pipe cactus

Triple Stumper
    $1000 5
spiders

Arthur
    $1000 12
Turkmenistan

Myfanwy
    $1000 6
a saber

Arthur
    $1000 9
woodshed

Triple Stumper
    $1000 7
MOMA (the Museum of Modern Art

Myfanwy

Scores at the first commercial break (after clue 15):

Arthur Padraic Myfanwy
$5,600 -$800 $3,800

Scores at the end of the Jeopardy! Round:

Arthur Padraic Myfanwy
$15,000 $200 $3,800

Double Jeopardy! Round responses

2013 BESTSELLERS
OBSERVATORIES
MOVIE MUSICALS BY SONGS
NET ADVERTISING
LIFE OF RILEY
BACK IN THE 6-"T"s
(Alex: Each correct response will contain 6 letters and begin with a "T".)
    $400 4
submissive

Padraic
    $400 27
India

Myfanwy
    $400 1
Saturday Night Fever

Padraic
    $400 30
(Arthur: What is clicking?)

scrolling (down)

ArthurPadraic
    $400 28
a three-peat

Myfanwy
    $400 8
a tuffet

Padraic
    $800 5
Washington, D.C.

Triple Stumper
    $800 25
Mauna Kea

Arthur
    $800 2
[Myfanwy laughs.]
(Alex: Yeah, Padraic's upset that he didn't get in first on that one.)

Hairspray

Myfanwy
    $800 26
pixels

Arthur
    $800 29
the Santa Fe Trail

Myfanwy
    $800 9
a tarmac

Arthur
    $1200 21
Gulp

Triple Stumper
    $1200 22
refracting

Arthur
    $1200 3
Footloose

Triple Stumper
    $1200 17
like

Arthur
    $1200 23
B.B. King

Triple Stumper
    $1200 24
(Alex: With less than a minute to go, you're right.)

tackle

Arthur
    $1600 18
Elizabeth Smart

Arthur
    $1600 14
(Padraic: What is Nevada?)

Arizona

PadraicMyfanwy
    $1600 6
The King and I

Padraic
    $1600 16
click

Padraic
    $1600 19
Agriculture

Arthur
    $1600 20
trauma

Arthur
    $5,000 13
(Arthur: Who are--the resistance?)

the Monuments Men

Arthur
    $5,000 10
Greenwich

Arthur
    $2000 7
Meet Me in St. Louis

Myfanwy
    $2000 12
a unique

Arthur
    $2000 11
James Whitcomb Riley

Triple Stumper
    $2000 15
thatch

Arthur

Scores at the end of the Double Jeopardy! Round:

Arthur Padraic Myfanwy
$29,400 $3,400 $9,800
(lock game)

[wagering suggestions for these scores]

Final Jeopardy! Round responses

BUSINESS
[Padraic's response included the smiling arrow from the [*] logo.]
PadraicWhat is Amazon.com
$1,119
MyfanwyWhat is Amazon.com?
$9,000
ArthurWhat is Amazon
$5,000
Amazon.com

Final scores:

Arthur Padraic Myfanwy
$34,400 $4,519 $18,800
6-day champion: $158,000 3rd place: $1,000 2nd place: $2,000

Game dynamics:

Coryat scores:

Arthur Padraic Myfanwy
$26,200 $3,400 $9,800
29 R
(including 2 DDs),
2 W
(including 1 DD)
8 R,
2 W
12 R,
1 W

Combined Coryat: $39,400

[game clues] [game scores] [suggest correction]

Game tape date: 2013-11-19
The J! Archive is created by fans, for fans. Scraping, republication, monetization, and malicious use prohibited; this site may use cookies and collect identifying information. See terms. The Jeopardy! game show and all elements thereof, including but not limited to copyright and trademark thereto, are the property of Jeopardy Productions, Inc. and are protected under law. This website is not affiliated with, sponsored by, or operated by Jeopardy Productions, Inc. Join the discussion at JBoard.tv.